Statistics for Decades of History - Tile Select Quiz

Click here to take the quiz!

General Stats

  • This quiz has been taken 2,044 times
  • The average score is 29 of 48

Answer Stats

QuestionTileSelect% Correct
either a World War or the Vietnam War occurred1890sNo
96%
either a World War or the Vietnam War occurred2000sNo
96%
either a World War or the Vietnam War occurred1990sNo
95%
either a World War or the Vietnam War occurred1900sNo
94%
the Olympic Games were hosted in the United States1890sNo
89%
either a World War or the Vietnam War occurred1920sNo
89%
either a World War or the Vietnam War occurred1980sNo
89%
either a World War or the Vietnam War occurred1940sYes
86%
either a World War or the Vietnam War occurred1910sYes
84%
the world population hit a multiple of 1 billion1910sNo
82%
the Olympic Games were hosted in the United States1940sNo
81%
the Olympic Games were hosted in the United States1910sNo
79%
the world population hit a multiple of 1 billion1930sNo
78%
the world population hit a multiple of 1 billion1890sNo
76%
the world population hit a multiple of 1 billion1900sNo
76%
the Olympic Games were hosted in the United States1970sNo
75%
a new Pope was elected2000sYes
75%
the world population hit a multiple of 1 billion1940sNo
73%
the Olympic Games were hosted in the United States1950sNo
73%
either a World War or the Vietnam War occurred1960sYes
73%
the Olympic Games were hosted in the United States1920sNo
71%
either a World War or the Vietnam War occurred1930sYes
68%
either a World War or the Vietnam War occurred1970sYes
68%
a new Pope was elected1990sNo
64%
the world population hit a multiple of 1 billion1990sYes
63%
a new Pope was elected1890sNo
61%
the world population hit a multiple of 1 billion1980sYes
61%
a new Pope was elected1940sNo
58%
the world population hit a multiple of 1 billion1950sNo
56%
a new Pope was elected1980sNo
55%
the Olympic Games were hosted in the United States1980sYes
52%
the Olympic Games were hosted in the United States1990sYes
51%
the world population hit a multiple of 1 billion1970sYes
50%
the world population hit a multiple of 1 billion1960sYes
47%
a new Pope was elected1970sYes
43%
a new Pope was elected1950sYes
42%
a new Pope was elected1960sYes
41%
a new Pope was elected1910sYes
40%
a new Pope was elected1900sYes
38%
a new Pope was elected1930sYes
38%
a new Pope was elected1920sYes
32%
the Olympic Games were hosted in the United States2000sYes
30%
the Olympic Games were hosted in the United States1960sYes
27%
the world population hit a multiple of 1 billion1920sYes
26%
the world population hit a multiple of 1 billion2000sNo
25%
the Olympic Games were hosted in the United States1900sYes
24%
either a World War or the Vietnam War occurred1950sYes
22%
the Olympic Games were hosted in the United States1930sYes
18%

Score Distribution

Percentile by Number Answered

Percent of People with Each Score

Your Score History

You have not taken this quiz